|
|
|
|
| LEADER |
02850nam a22005655i 4500 |
| 001 |
978-3-642-21286-4 |
| 003 |
DE-He213 |
| 005 |
20151204155314.0 |
| 007 |
cr nn 008mamaa |
| 008 |
110607s2011 gw | s |||| 0|eng d |
| 020 |
|
|
|a 9783642212864
|9 978-3-642-21286-4
|
| 024 |
7 |
|
|a 10.1007/978-3-642-21286-4
|2 doi
|
| 040 |
|
|
|d GrThAP
|
| 050 |
|
4 |
|a QA76.9.A43
|
| 072 |
|
7 |
|a UMB
|2 bicssc
|
| 072 |
|
7 |
|a COM051300
|2 bisacsh
|
| 082 |
0 |
4 |
|a 005.1
|2 23
|
| 245 |
1 |
0 |
|a Algorithms and Models for the Web Graph
|h [electronic resource] :
|b 8th International Workshop, WAW 2011, Atlanta, GA, USA, May 27-29, 2011. Proceedings /
|c edited by Alan Frieze, Paul Horn, Paweł Prałat.
|
| 264 |
|
1 |
|a Berlin, Heidelberg :
|b Springer Berlin Heidelberg,
|c 2011.
|
| 300 |
|
|
|a IX, 127 p. 29 illus., 18 illus. in color.
|b online resource.
|
| 336 |
|
|
|a text
|b txt
|2 rdacontent
|
| 337 |
|
|
|a computer
|b c
|2 rdamedia
|
| 338 |
|
|
|a online resource
|b cr
|2 rdacarrier
|
| 347 |
|
|
|a text file
|b PDF
|2 rda
|
| 490 |
1 |
|
|a Lecture Notes in Computer Science,
|x 0302-9743 ;
|v 6732
|
| 520 |
|
|
|a This book constitutes the refereed proceedings of the 8th International Workshop on Algorithms and Models for the Web-Graph, WAW 2011, held in Atlanta, GA, in May 2011 - co-located with RSA 2011, the 15th International Conference on Random Structures and Algorithms. The 13 revised full papers presented together with 1 invited lecture were carefully reviewed and selected from 19 submissions. Addressing a wide variety of topics related to the study of the Web-graph such as theoretical and empirical analysis, the papers feature original research in terms of algorithmic and mathematical analysis in all areas pertaining to the World-Wide Web with special focus to the view of complex data as networks.
|
| 650 |
|
0 |
|a Computer science.
|
| 650 |
|
0 |
|a Computer communication systems.
|
| 650 |
|
0 |
|a Algorithms.
|
| 650 |
|
0 |
|a Computer science
|x Mathematics.
|
| 650 |
|
0 |
|a Data mining.
|
| 650 |
|
0 |
|a Information storage and retrieval.
|
| 650 |
1 |
4 |
|a Computer Science.
|
| 650 |
2 |
4 |
|a Algorithm Analysis and Problem Complexity.
|
| 650 |
2 |
4 |
|a Discrete Mathematics in Computer Science.
|
| 650 |
2 |
4 |
|a Information Systems Applications (incl. Internet).
|
| 650 |
2 |
4 |
|a Data Mining and Knowledge Discovery.
|
| 650 |
2 |
4 |
|a Computer Communication Networks.
|
| 650 |
2 |
4 |
|a Information Storage and Retrieval.
|
| 700 |
1 |
|
|a Frieze, Alan.
|e editor.
|
| 700 |
1 |
|
|a Horn, Paul.
|e editor.
|
| 700 |
1 |
|
|a Prałat, Paweł.
|e editor.
|
| 710 |
2 |
|
|a SpringerLink (Online service)
|
| 773 |
0 |
|
|t Springer eBooks
|
| 776 |
0 |
8 |
|i Printed edition:
|z 9783642212857
|
| 830 |
|
0 |
|a Lecture Notes in Computer Science,
|x 0302-9743 ;
|v 6732
|
| 856 |
4 |
0 |
|u http://dx.doi.org/10.1007/978-3-642-21286-4
|z Full Text via HEAL-Link
|
| 912 |
|
|
|a ZDB-2-SCS
|
| 912 |
|
|
|a ZDB-2-LNC
|
| 950 |
|
|
|a Computer Science (Springer-11645)
|